000 00964cab a2200289 4500
001 ABS48867
008 090401t1993 xxu||||| |||| 00| 0 eng d
035 _a(Sirsi) u68889
041 _aeng
100 _aMinogue, A.
245 _aConsultants face damages dilemma
260 _c1993
350 _a0
490 _aBuilding
_v258(7800) 25 June 1993, 538-29(1)
520 _aDiscusses "T&S Contractors v Architectural Design Associates" and the liability of architects for damages based on the loss of market value of houses between June 1988 and August 1989 as a result of delay caused by planning issues arising.
650 _aARCHITECTS
650 _aBREACH OF CONTRACT
650 _aDELAY
650 _aHOUSING DEVELOPMENT
650 _aLIABILITY
650 _aLOSS IN VALUE
650 _aMEASURE OF DAMAGES
650 _aNEGLIGENCE
690 _aMANAGEMENT-BUSINESS MANAGEMENT-PROFESSIONAL PRACTICE
942 _n0
948 _c04/03/1997
999 _c43250
_d43250